NLSUI OPAC header image

Select essays on Indian economy Vol. 2 / (Record no. 21008)

MARC details
000 -LEADER
fixed length control field 01292nam a2200217Ia 4500
003 - CONTROL NUMBER IDENTIFIER
control field OSt
005 - DATE AND TIME OF LATEST TRANSACTION
control field 20260429052639.0
008 - FIXED-LENGTH DATA ELEMENTS--GENERAL INFORMATION
fixed length control field 160316s2004 xxu||||| |||| 00| 0 eng d
020 ## - INTERNATIONAL STANDARD BOOK NUMBER
International Standard Book Number 9788171883387 (hbk.)
082 ## - DEWEY DECIMAL CLASSIFICATION NUMBER
Classification number 330.954 RAN-II
100 ## - MAIN ENTRY--PERSONAL NAME
Personal name Ranagarajan C
245 ## - TITLE STATEMENT
Title Select essays on Indian economy Vol. 2 /
Statement of responsibility, etc. C. Rangarajan
260 ## - PUBLICATION, DISTRIBUTION, ETC.
Place of publication, distribution, etc. New Delhi:
Name of publisher, distributor, etc. Academic Foundation,
Date of publication, distribution, etc. 2004.
300 ## - PHYSICAL DESCRIPTION
Extent 344 p. ;
Dimensions 24cm
365 ## - TRADE PRICE
Price amount RS.995
505 ## - FORMATTED CONTENTS NOTE
Formatted contents note Volume Two<br/>Part III<br/>Fiscal Sector<br/>1.Dynamics of Interaction between Government Deficit and Domestic Debt in India.<br/>2.Fiscal Deficit, External Balance and Monetary Growth: A Study of Indian Economy.<br/>3.Taxation as a Tool of Redistribution in Developing Economies.<br/>4.Government Securities Market in a Mixed Economy: A Study of India.<br/>5.Government Expenditure and Money Supply Multipliers under Alternative Condition. <br/>Part IV<br/>External Sector<br/>6.Impact of Export Fluctuations on Income :<br/>A Cross Country Analysis.<br/>7.India’s Balance of Payments : The Emerging Dimensions.<br/>8.The Exchange Rate System : Some Issues.<br/>9.Exchange Rate Adjustments : Causes and Consequences.<br/>10.Report of High Level Committee on Balance of Payments.<br/>
650 ## - SUBJECT ADDED ENTRY--TOPICAL TERM
Topical term or geographic name entry element Economy
650 ## - SUBJECT ADDED ENTRY--TOPICAL TERM
Topical term or geographic name entry element Social aspect
700 ## - ADDED ENTRY--PERSONAL NAME
Personal name
--
942 ## - ADDED ENTRY ELEMENTS (KOHA)
Source of classification or shelving scheme Dewey Decimal Classification
Koha item type BOOKs
Holdings
Withdrawn status Lost status Damaged status Not for loan Home library Current library Shelving location Date acquired Cost, normal purchase price Total Checkouts Full call number Barcode Date last seen Date last checked out Price effective from Koha item type Public note
        . .   30.05.2017 995.00 1 330.954 RAN-I 19039 08.06.2019 01.06.2019 30.05.2017 BOOKs Price for the entire Set
        . .   30.05.2017 995.00   330.954 RAN-II 19040 30.05.2017   30.05.2017 BOOKs Price for the entire Set